| 000 | 00703cam a2200253 4500 | ||
|---|---|---|---|
| 008 | 000000n2001 000 0 eng u | ||
| 020 | _a1842190466 | ||
| 035 | _a(Sirsi) u110773 | ||
| 050 | _a333.73 | ||
| 100 | _aSyms, Paul | ||
| 245 | _aReleasing brownfields | ||
| 260 |
_aLondon _bJoseph Rowntree Foundation _c2001 |
||
| 300 | _avi, 80p. ; 30cm. | ||
| 350 | _a16.50 | ||
| 650 | _aCONTAMINATED LAND | ||
| 650 | _aBROWNFIELD SITES | ||
| 650 | _aURBAN RENEWAL | ||
| 650 | _aRISK ASSESSMENT | ||
| 650 | _aRESEARCH | ||
| 690 | _aREGENERATION | ||
| 710 |
_aJoseph Rowntree Foundation _92318 |
||
| 710 |
_aRoyal Institution of Chartered Surveyors _bResearch Foundation _93861 |
||
| 942 | _n0 | ||
| 999 |
_c101130 _d101130 |
||